000 00989nam a22003377b 4500
001 65805
003 DO-SdBNP
005 20180207085131.0
007 65805
008 030708s 2004 sp | ||| ||spa
016 7 _a
_2BPMSU
017 _b
020 _a8434852543
035 _a
040 _aBPMSU
_bspa
_cBPMSU
_e
041 1 _aspa
_h
080 0 _a
100 1 _aBrezina, Thomas,
_d1963-
240 1 4 _aDas Geisterflugzeug
_lEspañol
245 1 3 _aEl avión fantasma /
_cThomas Brezina ; ilustraciones de Werner Heymann; traducción José A. Santiago Tagle
_h
250 _a9a. ed.
260 _aBarcelona :
_bS M,
_c2004.
300 _a126 p.:
_bil.;
_c20 cm
490 1 _aUn caso para ti y el Equipo Tigre
_v3
700 1 2 _aHeymann, Werner
_e il.
700 1 2 _aSantiago Tagle, José A.
_etr.
830 0 _aUn caso para ti y el Equipo Tigre
_v3
942 _2ddc
_cBK
945 _aInventariado, 2018 /LP
956 _aVMATEO
_320160506
_6BPMSU
_80069
_b10
999 _c10013
_d10013